000 00605nam a22001817a 4500
005 20170621141521.0
010 _aENG-118837
020 _a9789332551985
_c699.00
035 _aEN-102369
037 _bDBAD/PUB
082 _a000
100 _aThoroe, Edgar
245 _aThe pearson general knowledge manual 2016 /
_cby Edgar Thorpe [and] Showick Thorpe
260 _aUttar Pradesh
_bPearson India Education Services
_c2015
270 _aA-8(A), 7th Floor, Knowledge Boulevard, Sector-62, Noida-201309
300 _aVarious Pagings
_bill.
_c24cm.(pbk)
942 _2ddc
_cEN
_h000
_mTHO
999 _c141680
_d141680